ბათუმის შოთა რუსთაველის სახელმწიფო უნივერსიტეტის ბიბლიოთეკა

როგორ გამოვიდეთ ნებისმიერი კონფლიქტური სიტუაციიდან / (ბიბ.ჩანაწერი № 62963)

000 -ლიდერი
ფიქსირებული სიგრძის საკონტროლო ველი 01379nam a22002417a 4500
003 - საკონტროლო ნომრის იდენტიფიკატორი
საკონტროლო ველი Ge_BSU
005 - ბოლო ოპერაციის თარიღი და დრო
საკონტროლო ველი 20250415112444.0
008 - ფიქსირებული სიგრძის მონაცემთა ელემენტები - ზოგადი ინფორმაცია
ფიქსირებული სიგრძის საკონტროლო ველი 250415s2016 ge ||||| |||| 00| 0 geo d
020 ## - წიგნის საერთაშორისო სტანდარტული ნომერი
International Standard Book Number 9789941090806
041 ## - ენის კოდი
Language code of text/sound track or separate title geo
080 ## - უნივერსალური ათობითი კლასიფიკაციის ინდექსი
Universal Decimal Classification number 316.485.6 : 005.574 კ-29
100 ## - მთავარი ჩანაწერი - პიროვნების სახელი
Personal name კარნეგი, დეილ
9 (RLIN) 15326
245 ## - ცნობა სათაურის შესახებ
Title როგორ გამოვიდეთ ნებისმიერი კონფლიქტური სიტუაციიდან /
Statement of responsibility, etc დეილ კარნეგი; მთარგმნელები: ნინა თურმანიძე, ლაშა ბულია; რედაქტორი თამაზ თურმანიძე.
264 ## - წარმოების, გამოცემის, დისტრიბუციის და სხვა ცნობები
გამოცემის, წარმოების, დისტრიბუციის... ადგილი თბილისი :
გამოცემის, წარმოების, დისტრიბუციის... სახელწოდება გეო,
გამოცემის, წარმოების, დისტრიბუციის... თარიღი 2016.
300 ## - ფიზიკური აღწერა
Extent 178 გვ. ;
Other physical details 20 სმ.
653 ## - INDEX TERM--UNCONTROLLED
Uncontrolled term კონფლიქტების სოციოლოგია
653 ## - INDEX TERM--UNCONTROLLED
Uncontrolled term კონფლიქტების მოგვარება
653 ## - INDEX TERM--UNCONTROLLED
Uncontrolled term პიროვნებათაშორისი ურთიერთობები
700 ## - ADDED ENTRY--PERSONAL NAME
Personal name თურმანიძე, ნინა
Relator term მთარგმნელი
9 (RLIN) 24803
700 ## - ADDED ENTRY--PERSONAL NAME
Personal name ბულია, ლაშა
Relator term მთარგმნელი
9 (RLIN) 11893
700 ## - ADDED ENTRY--PERSONAL NAME
Personal name თურმანიძე, თამაზ
Relator term რედაქტორი
9 (RLIN) 11865
942 ## - ADDED ENTRY ELEMENTS (KOHA)
Source of classification or shelving scheme
Koha item type წიგნი
ეგზემპლარები
ჩამოწერის სტატუსი დაკარგული ეგზემპლარის სტატუსი კლასიფიკაციის წყარო ან თაროზე გაწყობის სქემა დაზიანების სტატუსი არ გაიცემა მუდმივი მდებარეობა (დაცვის ადგილი) ამჟამინდელი ადგილსამყოფელი თაროზე განთავსების ადგილი შეძენის თარიღი ღირებულება, შესყიდვის ნორმალური ფასი სრული შენახვის შიფრი შტრიხკოდი ბოლო ოპერაციის თარიღი ეგზემპლარის მიმდევრობითი ნომერი (კეტერი?) Uniform Resource Identifier ფასის ძალაში შესვლის თარიღი ეგზემპლარის სახეობა საჯარო შენიშვნა
          ბათუმის შოთა რუსთაველის სახელმწიფო უნივერსიტეტის მთავარი ბიბლიოთეკა ბათუმის შოთა რუსთაველის სახელმწიფო უნივერსიტეტის მთავარი ბიბლიოთეკა წიგნსაცავი 2025-04-15 10.00 316.485.6 : 005.574 კ-29 71130 2025-04-15 71130 ნაჩუქარი 2025-04-15 წიგნი 10 ლ.
          ბათუმის შოთა რუსთაველის სახელმწიფო უნივერსიტეტის მთავარი ბიბლიოთეკა ბათუმის შოთა რუსთაველის სახელმწიფო უნივერსიტეტის მთავარი ბიბლიოთეკა წიგნსაცავი 2025-04-15 10.00 316.485.6 : 005.574 კ-29 71131 2025-04-15 71131 ნაჩუქარი 2025-04-15 წიგნი 10 ლ.
          ბათუმის შოთა რუსთაველის სახელმწიფო უნივერსიტეტის მთავარი ბიბლიოთეკა ბათუმის შოთა რუსთაველის სახელმწიფო უნივერსიტეტის მთავარი ბიბლიოთეკა წიგნსაცავი 2025-04-15 10.00 316.485.6 : 005.574 კ-29 71132 2025-04-15 71132 ნაჩუქარი 2025-04-15 წიგნი 10 ლ.
          ბათუმის შოთა რუსთაველის სახელმწიფო უნივერსიტეტის მთავარი ბიბლიოთეკა ბათუმის შოთა რუსთაველის სახელმწიფო უნივერსიტეტის მთავარი ბიბლიოთეკა წიგნსაცავი 2025-04-15 10.00 316.485.6 : 005.574 კ-29 71133 2025-04-15 71133 ნაჩუქარი 2025-04-15 წიგნი 10 ლ.
          ბათუმის შოთა რუსთაველის სახელმწიფო უნივერსიტეტის მთავარი ბიბლიოთეკა ბათუმის შოთა რუსთაველის სახელმწიფო უნივერსიტეტის მთავარი ბიბლიოთეკა წიგნსაცავი 2025-04-15 10.00 316.485.6 : 005.574 კ-29 71134 2025-04-15 71134 ნაჩუქარი 2025-04-15 წიგნი 10 ლ.